Electoral Bonds and Political Funding in India: A critical appraisal (Record no. 532512)

000 -LEADER
fixed length control field 01847nam a22001337a 4500
008 - FIXED-LENGTH DATA ELEMENTS--GENERAL INFORMATION
fixed length control field 260211b ||||| |||| 00| 0 eng d
100 ## - MAIN ENTRY--PERSONAL NAME
Personal name Gupta, Alok Kumar and Agrawal, Sanjay Kumar
245 ## - TITLE STATEMENT
Title Electoral Bonds and Political Funding in India: A critical appraisal
260 ## - PUBLICATION, DISTRIBUTION, ETC. (IMPRINT)
Place of publication, distribution, etc Indian Journal of Public Administration
300 ## - PHYSICAL DESCRIPTION
Extent 71(4), Dec, 2025: p.717-731
520 ## - SUMMARY, ETC.
Summary, etc Political funding within electoral processes and democracies remains a complex issue without a clear solution. India’s Supreme Court invalidated the Electoral Bonds Scheme on 15 February 2024, which was introduced in 2018 to enhance transparency in electoral funding. This decision has returned the matter to its original state, with no resolution offered by the Court. The Court has addressed the major concerns of transparency in electoral funding, voters’ rights and potential quid pro quo arrangements between corporations and political entities. However, there is a pressing need to explore new methods of political funding to reinforce democracies and uphold the integrity of political and electoral processes. The authors have presented the entire episode of electoral bonds and the way it crumbled down, and the reasons for the same. The authors have also suggested ways out of the quagmire of political funding, which have a strong ethical base, taking cues from cross-country experiences. The paper analyses amidst the prevailing circumstances: What could be the long-term way out? The suggestions articulated are relevant for any democracy on the globe.- Reproduced


https://journals.sagepub.com/doi/full/10.1177/00195561251405017?_gl=1*6pn170*_up*MQ..*_ga*MTU2MzU3NzM4Ny4xNzcwODAwMjUy*_ga_60R758KFDG*czE3NzA4MDAyNTEkbzEkZzEkdDE3NzA4MDA3MTQkajYwJGwwJGgyMTMwOTg5ODYx
773 ## - HOST ITEM ENTRY
Main entry heading Indian Journal of Public Administration
942 ## - ADDED ENTRY ELEMENTS (KOHA)
Item type Articles

No items available.

Powered by Koha